Bus stations in 18 district in Hong Kong 香港十八區巴士站之最 - Statistics

General Stats
  • This quiz has been taken 69 times
    58 since last reset
  • The average score is 23 of 90
Answer Stats
Dir Bus stop Route % Correct
中西區 Central & Western a
63%
灣仔區 Wanchai District a
63%
東區 Eastern District a
63%
南區 Southern District a
63%
油尖旺區 Yau Tsim Mong District a
63%
深水埗區 Sham Shui Po District a
63%
九龍城區 Kowloon City District a
63%
黃大仙區 Wong Tai Sin District a
63%
觀塘區 Kwun Tong District a
63%
荃灣區 Tsuen Wan District a
63%
葵青區 Kwai Tsing District a
63%
屯門區 Tuen Mun District a
63%
元朗區 Yuen Long District a
63%
北區 North District a
63%
大埔區 Tai Po District a
63%
沙田區 Sha Tin District a
63%
西貢區 Sai Kung District a
63%
離島區 Islands District a
63%
East Wong Shek Pier 黃石碼頭 289R
43%
West Tai O 大澳 1
39%
East Shek O 石澳 9
35%
North Tsung Yuen Ha 松園下 79K
31%
North Asia-World Expo 機場博覽館 E11
29%
South Star Ferry 尖沙咀碼頭 234X
29%
West Anderson Road 安達臣道 91M
27%
North Lok Ma Chau Station 落馬洲站 B1
27%
East Wu Kai Sha Station 烏溪沙站 682
27%
East Mui Wo Ferry Pier 梅窩碼頭 1
24%
East Lei Muk Shue Estate 梨木樹邨 73X
22%
North North Point Ferry Pier 北角渡輪碼頭 41A
22%
North Shing Mun Tunnels 城門隧道 278X
22%
West Siu Ho Wan 小蠔灣 36
22%
South Siu Ho Wan 小蠔灣 36
22%
East ^ Tai Lam Chung 大欖涌 252
22%
South Tai Mo Shan Country Park 大帽山郊野公園 51
22%
North Tsz Wan Shan North 慈雲山北 15A
22%
South Tuen Mun Road BBI 屯門公路轉車站 52X
22%
East Wu Kau Tang 烏蛟騰 275R
22%
East Fullview Garden 富景花園 788
20%
West KITEC 九龍灣國際展貿中心 296D
20%
East Ko Yee Estate 高怡邨 14H
20%
North Ping Shek 坪石 3M
20%
South Stanley Fort 赤柱炮台 260
20%
West TM-CLK Tunnel Interchange 屯赤隧道轉車站 E37
20%
East ^ CITIC Tower 中信大廈 40M
18%
West Kadoorie Farm 嘉道理農場 64K
18%
East Pak Tam Au Management Center 北潭凹管理站 94
18%
North Pak Tam Au Management Center 北潭凹管理站 96R
18%
South Hung Luen Road 紅鸞道 15
16%
East Kai Tak Cruise Terminal 啟德郵輪碼頭 22
16%
West Peace Avenue 太平道 18
16%
South Sam Ka Tsuen Typhoon Shelter 三家村避風塘 14X
16%
West Shek Lei Pui Reservoir 石梨貝水塘 72
16%
South Shek Lei Pui Reservoir 石梨貝水塘 81
16%
West Tsing Fung Street 清風街 673
16%
South ^ Ching Lai Court 清麗苑 32H
14%
West Ching Wah Court 青華苑 E21
14%
East Koon Yat House 觀日樓 3M
14%
South Shui Hau Village 水口村 1
14%
West The Long Beach 浪澄灣 87B
14%
South TVB City 電視廣播城 796X
14%
North Western Fire Services Street 西消防街 930X
14%
North Whitfield Road 威非路道 5X
14%
North Caldecott Road 郝德傑道 72
12%
South Cape Collinson 歌連臣角 9
12%
West Caritas Jockey Club Hostel 明愛賽馬會宿舍 A10
12%
West Ching Lai Court 清麗苑 32H
12%
North Chung Mei Barbecue Site 涌尾燒烤場 275R
12%
North San Hoi Tin Tsuen 新開田村 51
12%
East Shek Kong Village 石崗村 51
12%
South ^ Wong Nai Chung Reservoir Park 黃泥涌水塘公園 76
12%
North Bauhinia Garden 紫翠花園 68X
10%
West Fu Keung Court 富強苑 85
10%
East Hung Lok Road 紅樂道 30X
10%
West Mount Davis Road 摩星嶺道 971
10%
North Mount Davis Road 摩星嶺道 43M
10%
East North Point Government Primary School 北角官立小學雲景道 108
10%
South Ying Pun 營盤 77K
10%
South 6 Mansfield Road 文輝道6號 15
8%
North HKSPC 香港保護兒童會 33A
8%
East ^ Hong Kong Productivity Council 香港生產力促進局 203C
8%
South O Tau New Village 澳頭新村 99
8%
West Pak Shek Au 白石凹 76K
8%
North Yiu Sha Road 耀沙路 988
8%
South Chui Yu Road 聚魚道 A21
6%
West Lee Uk Tsuen 李屋村 53
6%
North Peninsula Heights 星輝豪庭 208
6%
East Shek Lei Catholic Primary School 石籬天主教小學 35A
6%
South Tung Tsing Road 東正道 2D
4%
West Magazine Gap Road 馬己仙峽道 15
2%
No matching quizzes found
Score Distribution
Percent of People with Each Score
Percentile by Number Answered
Your Score History
You have not taken this quiz since the last reset